|
|
|
|
| LEADER |
00000njm a2200000 4500 |
| 001 |
vtls012127364 |
| 003 |
SK-MaSNL |
| 005 |
20260302051447.0 |
| 007 |
sd uuuuuuuuuuu |
| 008 |
220317s2021 xo uunug u slo |
| 028 |
2 |
2 |
|a R35 0041-2-131
|b SOZA/BIEM
|
| 028 |
2 |
2 |
|a 10055
|b HC
|
| 040 |
|
|
|a SNK
|b slo
|c SNK
|e rda
|
| 041 |
0 |
|
|a slo
|
| 044 |
|
|
|a xo
|c SK
|
| 245 |
0 |
4 |
|a Das romantische Lied aus Pressburg
|c Tomáš Šelc spev ; Peter Pažický klavír
|
| 246 |
3 |
1 |
|a Romantická pieseň z Prešporka
|
| 264 |
|
1 |
|a Bratislava
|b Hudobné centrum
|c 2021
|
| 300 |
|
|
|a 1 audiodisk
|c 12 cm
|
| 336 |
|
|
|a hraná hudba
|b prm
|2 rdacontent
|
| 337 |
|
|
|a audio
|b s
|2 rdamedia
|
| 338 |
|
|
|a audiodisk
|b sd
|2 rdacarrier
|
| 490 |
1 |
|
|a Monumenta Musicae Slovacae
|
| 700 |
1 |
|
|a Šelc, Tomáš,
|d 1983-
|4 sng
|9 137819
|
| 700 |
1 |
|
|a Pažický, Peter,
|d 1970-
|4 itr
|9 221067
|
| 830 |
|
0 |
|a Monumenta Musicae Slovacae
|9 476276
|
| 999 |
|
|
|c 1101302
|d 1103232
|
| 952 |
|
|
|a SNK
|b SNK
|y NEVYP
|7 1
|p 17A1480333
|o snkSCD 5872
|i snk2022/4103
|8 0
|0 0
|1 0
|4 0
|d 2022-03-17
|l 0
|r 2026-02-24 17:30:21
|w 2026-02-24
|
| 952 |
|
|
|a SNK
|b SNK
|y PREZ
|7 0
|p 17A1480334
|o snkSCD 5872 D1
|i snk2022/4104
|8 0
|0 0
|1 0
|4 0
|d 2022-03-17
|l 0
|r 2026-02-24 17:30:21
|w 2026-02-24
|